| Tag |
First Indicator |
Second Indicator |
Subfields |
| LEADER |
00000cam a2200000 4500 |
| 001 |
in00000282988 |
| 005 |
20151010090932.0 |
| 008 |
710716r19711909nyu b 00110 eng |
| 010 |
|
|
|a 75137279
|
| 020 |
|
|
|a 0404048080
|
| 035 |
|
|
|a (OCoLC)00151764
|
| 035 |
|
|
|9 ABG4997AM
|
| 040 |
|
|
|a DLC
|c DLC
|d TXA
|d UtOrBLW
|
| 043 |
|
|
|a a-ii---
|
| 049 |
|
|
|a TXAM
|c [1125588]
|
| 050 |
0 |
0 |
|a DS411.A1
|b O2 1971
|
| 082 |
0 |
|
|a 915.4/04/25
|
| 100 |
1 |
|
|a Oaten, Edward Farley.
|
| 245 |
1 |
0 |
|a Travel and travellers in India, A.D. 1400-1700 /
|c [by Edwd. Farley Oaten].
|
| 264 |
|
1 |
|a New York :
|b AMS Press,
|c [1971]
|
| 300 |
|
|
|a xiv, 274 pages ;
|c 19 cm.
|
| 336 |
|
|
|a text
|b txt
|2 rdacontent
|
| 337 |
|
|
|a unmediated
|b n
|2 rdamedia
|
| 338 |
|
|
|a volume
|b nc
|2 rdacarrier
|
| 500 |
|
|
|a Reprint of the 1909 edition, published under title: European travellers in India during the fifteenth, sixteenth and seventeenth centuries.
|
| 504 |
|
|
|a Bibliography: pages 259-271.
|
| 650 |
|
0 |
|a Travelers
|z India.
|
| 651 |
|
0 |
|a India
|x Social life and customs.
|
| 651 |
|
0 |
|a India
|x Description and travel.
|
| 740 |
0 |
|
|a European travellers in India.
|
| 999 |
|
|
|a MARS
|
| 999 |
f |
f |
|s b25af4b2-576e-3e56-8525-fdbc94dc57ee
|i f49eb80e-b2fa-3676-a55f-620a3026309d
|t 0
|
| 952 |
f |
f |
|p ric
|a Texas A&M University
|b Rellis Campus
|c Joint Library Facility
|d Remote Storage
|t 0
|e DS411.A1 O2 1971
|h Library of Congress classification
|i unmediated -- volume
|m A14802043970
|
| 998 |
f |
f |
|a DS411.A1 O2 1971
|t 0
|l Remote Storage
|